Normal view
MARC view
- ডঃ এ. এস. এম. হোসেন তৈয়ব, এ. এ. এম. মনিরুজ্জামান এবং আজহারুল ইসলাম
Entry Personal Name
001 - CONTROL NUMBER
- control field: 4313
003 - CONTROL NUMBER IDENTIFIER
- control field: OSt
005 - DATE AND TIME OF LATEST TRANSACTION
- control field: 20211027122649.0
008 - FIXED-LENGTH DATA ELEMENTS
- fixed length control field: 211027|| aca||aabn | a|a d
040 ## - CATALOGING SOURCE
- Original cataloging agency: OSt
- Transcribing agency: OSt
100 ## - HEADING--PERSONAL NAME
- Personal name: ডঃ এ. এস. এম. হোসেন তৈয়ব, এ. এ. এম. মনিরুজ্জামান এবং আজহারুল ইসলাম
670 ## - SOURCE DATA FOUND
- Source citation: Work cat.: (OSt)3136: তৈয়ব, ডঃ এ. এস. এম. হোসেন 4311, Income Tax Ordinance 1984, & Income Tax Manual (Part- 1), c2007
